European Cities by Images - Statistics

General Stats
  • This quiz has been taken 33 times
  • The average score is 5 of 8
Answer Stats
Picture Answer % Correct
Prague
100%
Budapest
84%
Cologne
69%
Bergen
66%
Riga
53%
Edinburgh
41%
Zurich
41%
Valencia
22%
No matching quizzes found
Score Distribution
Percent of People with Each Score
Percentile by Number Answered
Your Score History
You have not taken this quiz